000 00418nam a2200145Ia 4500
008 100204s9999 xx 000 0 und d
082 _b1030
100 _aफळणीकर अनिल
245 _aप्रेमिक
260 _b"प्रिया प्रकाशन, मुंबई"
_c1976
300 _a188
630 _aप्रेमिक
730 _aप्रेमिक
942 _cBOOK
999 _c446222
_d446219